000 00601nam a2200217Ia 4500
008 101110s9999 xx 000 0 und d
041 _aMARATHI
082 _bJR5531
100 _aJoshi C.J.,Kshirasagar R.N.,Choudhari J.S.
245 _aVyapar sanghtan ani vyavasthapan [Std-XII]
260 _c2007
_bPhadke Prakashan, Kolhapur
300 _a343
365 _b67
520 _aCommerce
546 _aMARATHI
630 _aVyapar sanghtan ani vyavasthapan [Std-XII]
650 _aCommerce
655 _aCommerce
730 _aVyapar sanghtan ani vyavasthapan [Std-XII]
942 _cBOOK
999 _c796326
_d796323